Statistics for 20 Highest Observation Decks In the World

Click here to take the quiz!

General Stats

  • This quiz has been taken 10 times
  • The average score is 9 of 20

Answer Stats

CityHeight of observation deckAnswer% Correct
Chicago, USA1,354Willis Tower
86%
Dubai, UAE1,823Burj Khalifa
71%
Toronto, Canada1,466CN Tower
71%
New York City, USA1,211Empire State Building
71%
New York City, USA1,268One World Trade Center
71%
Taipei, Taiwan1,509Taipei 101
71%
Kuala Lumpur, Malaysia1,214Petronas Towers
57%
Chicago, USA1,030John Hancock Center
43%
Shanghai, China1,844Shanghai Tower
43%
Tokyo, Japan1,480Tokyo Skytree
43%
Guangzhou, China1,601Canton Tower
29%
Hong Kong, China1,289International Commerce Centre
29%
Seoul, South Korea1,594Lotte World Tower
29%
Shanghai, China1,151Oriental Pearl Tower
29%
Shenzhen, China1,844Ping An Finance Centre
29%
Shanghai, China1,555Shanghai World Financial Center
29%
Mecca, Saudi Arabia1,589Abraj al Bait Clock Tower
14%
Shanghai, China1,116Jin Mao Tower
14%
Moscow, Russia1,115Ostankino Tower
14%
Kaohsiung, Taiwan1,119Tuntex Sky Tower
14%

Score Distribution

Percentile by Number Answered

Percent of People with Each Score

Your Score History

You have not taken this quiz